[Event "CYCC U10"]
[Site "Quebec CAN"]
[Date "2018.07.05"]
[Round "7.108"]
[White "Han, Jonathan"]
[Black "Yuen, Noah"]
[Result "0-1"]
[WhiteElo "1566"]
[BlackElo "1594"]
[PlyCount "116"]
[EventDate "2018.07.02"]
[EventType "swiss"]
[EventRounds "7"]
[EventCountry "CAN"]

1. e4 c5 2. Nf3 d6 3. d4 cxd4 4. Nxd4 Nf6 5. Nc3 a6 6. Be3 e6 7. f3 b5 8. Qd2
Bb7 9. g4 Nfd7 10. O-O-O b4 11. Nce2 d5 12. exd5 Bxd5 13. Bg2 Ne5 14. Kb1 Nbd7
15. Nf4 Nc4 16. Qe2 Nxe3 17. Qxe3 Bb7 18. Nfxe6 fxe6 19. Nxe6 Qe7 20. Nc7+ Kd8
21. Qxe7+ Bxe7 22. Nxa8 Bxa8 23. Rd3 Kc7 24. Rhd1 Nc5 25. R3d2 Rf8 26. Rf1 Bg5
27. Re2 h6 28. c4 Rf4 29. b3 Bf6 30. Kc2 Bc6 31. Rd1 Bxf3 32. Bxf3 Rxf3 33. Rd5
Rc3+ 34. Kd2 Bg5+ 35. Ke1 Nd3+ 36. Kf1 Rc1+ 37. Kg2 Nf4+ 38. Kf2 Nxd5 39. cxd5
Rd1 40. Re6 Rd2+ 41. Re2 Rxe2+ 42. Kxe2 Kd6 43. h3 Kxd5 44. Kd3 a5 45. Ke2 Kd4
46. Kf3 Kc3 47. Kg3 Kb2 48. h4 Bf6 49. h5 Kxa2 50. Kf4 Kxb3 51. Kf5 a4 52. Kg6
a3 53. g5 Bxg5 54. Kxg7 a2 55. Kh7 a1=Q 56. Kg6 Qf6+ 57. Kh7 Qf7+ 58. Kh8 Bf6#
0-1

[Event "CYCC U10"]
[Site "Quebec CAN"]
[Date "2018.07.05"]
[Round "7.109"]
[White "Qin, Vincent"]
[Black "Ripley, Sam"]
[Result "1-0"]
[WhiteElo "1639"]
[BlackElo "1411"]
[PlyCount "73"]
[EventDate "2018.07.02"]
[EventType "swiss"]
[EventRounds "7"]
[EventCountry "CAN"]

1. e4 c5 2. Nf3 Nc6 3. Nc3 Nf6 4. Bb5 Nd4 5. Nxd4 cxd4 6. Ne2 Nxe4 7. Nxd4 Qb6
8. c3 e5 9. Qc2 exd4 10. Qxe4+ Kd8 11. Bc4 dxc3 12. dxc3 f6 13. O-O d6 14. Re1
Bd7 15. b3 Kc7 16. Be3 Qa5 17. b4 Qf5 18. Qxf5 Bxf5 19. a4 g5 20. Bd4 h6 21.
Bxf6 Rh7 22. Be6 Bxe6 23. Rxe6 Rc8 24. Rae1 Kd7 25. h3 g4 26. hxg4 h5 27. g5 h4
28. g6 Rh6 29. Bg5 Rh8 30. Be7 Bxe7 31. Rxe7+ Kc6 32. g7 Rhg8 33. c4 a6 34. Rf7
b5 35. cxb5+ axb5 36. Rc1+ Kb6 37. Rxc8 1-0

[Event "CYCC U10"]
[Site "Quebec CAN"]
[Date "2018.07.05"]
[Round "7.110"]
[White "Ning, Eric"]
[Black "Yuan, Henry"]
[Result "1-0"]
[WhiteElo "2013"]
[BlackElo "1346"]
[PlyCount "57"]
[EventDate "2018.07.02"]
[EventType "swiss"]
[EventRounds "7"]
[EventCountry "CAN"]

1. d4 Nf6 2. c4 e6 3. Nf3 d5 4. Nc3 Bb4 5. Bg5 O-O 6. e3 Nbd7 7. cxd5 exd5 8.
Bd3 c6 9. O-O Qa5 10. Qc2 c5 11. a3 Bxc3 12. bxc3 c4 13. Bf5 Ne4 14. Bxe4 dxe4
15. Qxe4 Qxc3 16. Rfc1 Qb2 17. Qe7 Nb6 18. Rab1 Qe2 19. Qb4 Be6 20. Rb2 Qd3 21.
Ne5 Qf5 22. Be7 Rfe8 23. Bc5 Nd5 24. Qxb7 Qg5 25. Nf3 Qg6 26. Ne1 c3 27. Re2
Reb8 28. Qa6 Nb6 29. Rxc3 1-0

[Event "CYCC U10"]
[Site "Quebec CAN"]
[Date "2018.07.05"]
[Round "7.111"]
[White "Ma, Andrew"]
[Black "Bocan, Richard"]
[Result "1/2-1/2"]
[WhiteElo "1575"]
[BlackElo "1298"]
[PlyCount "41"]
[EventDate "2018.07.02"]
[EventType "swiss"]
[EventRounds "7"]
[EventCountry "CAN"]

1. e4 c6 2. d4 d5 3. Nc3 dxe4 4. Nxe4 Nf6 5. Ng3 e6 6. Nf3 Nbd7 7. Be2 Bd6 8.
O-O O-O 9. Re1 b6 10. c4 Bb7 11. Bd2 c5 12. Bc3 cxd4 13. Nxd4 Nc5 14. Bf3 Bxf3
15. Nxf3 Bxg3 16. fxg3 Qxd1 17. Raxd1 Rfd8 18. Bd4 Nfe4 19. Bxc5 Nxc5 20. b3
Kf8 21. Ne5 1/2-1/2

[Event "CYCC U10"]
[Site "Quebec CAN"]
[Date "2018.07.05"]
[Round "7.113"]
[White "Yan, Alex Jikai"]
[Black "Hu, Raymond"]
[Result "1-0"]
[WhiteElo "1482"]
[BlackElo "1228"]
[PlyCount "81"]
[EventDate "2018.07.02"]
[EventType "swiss"]
[EventRounds "7"]
[EventCountry "CAN"]

1. e4 c5 2. Nf3 d6 3. c3 Nf6 4. Be2 Nxe4 5. Qa4+ Nc6 6. Qxe4 g6 7. Qc2 Bg7 8.
O-O O-O 9. d3 Bf5 10. Be3 c4 11. Nh4 cxd3 12. Bxd3 Bxd3 13. Qxd3 d5 14. Nf3 e5
15. Qd2 e4 16. Nd4 Qd7 17. Nxc6 Qxc6 18. Bd4 Rfe8 19. Bxg7 Kxg7 20. Qd4+ Kg8
21. Na3 a6 22. Rad1 Rad8 23. Nc2 Rd6 24. Ne3 Red8 25. Rd2 Qb5 26. Rfd1 h5 27.
Qb4 Qxb4 28. cxb4 d4 29. Nc4 R6d7 30. b3 b5 31. Na5 Rc8 32. h3 d3 33. Kh2 Rc2
34. Kg3 f5 35. Kf4 Rcc7 36. g4 hxg4 37. hxg4 Rf7 38. gxf5 gxf5 39. Rg1+ Kf8 40.
Rg6 Rc2 41. Rxc2 1-0

[Event "CYCC U10"]
[Site "Quebec CAN"]
[Date "2018.07.05"]
[Round "7.114"]
[White "Li, Adam"]
[Black "Jiang, Barron Jiyu"]
[Result "0-1"]
[WhiteElo "1388"]
[BlackElo "1131"]
[PlyCount "130"]
[EventDate "2018.07.02"]
[EventType "swiss"]
[EventRounds "7"]
[EventCountry "CAN"]

1. e4 c5 2. Nf3 d6 3. c3 Nf6 4. Bd3 e6 5. Bc2 Be7 6. d4 cxd4 7. cxd4 O-O 8. O-O
Nc6 9. a3 Qc7 10. Nc3 a6 11. Re1 b5 12. Ne2 Bb7 13. Ng3 Rac8 14. Bd3 Rfd8 15.
Be3 Ng4 16. Bg5 Bxg5 17. Nxg5 Nf6 18. Rc1 Qb6 19. d5 exd5 20. exd5 Ne5 21. Rxc8
Rxc8 22. Nh5 Neg4 23. Nxf6+ Nxf6 24. Bf5 Rd8 25. Be4 Qc5 26. Qd3 h6 27. Bh7+
Kf8 28. Ne4 Qxd5 29. Qxd5 Nxd5 30. Bf5 Ne7 31. Bh3 Ng6 32. Nc3 Nf4 33. Bf5 Nxg2
34. Rd1 Nf4 35. b4 d5 36. Ne4 g6 37. Nc5 Ba8 38. Bc2 Rd6 39. f3 d4 40. Kf2 Ke7
41. Re1+ Ne6 42. Bb3 Kf6 43. Ne4+ Bxe4 44. fxe4 Ke5 45. Bd5 Nf4 46. Kg3 Nxd5
47. exd5+ Kxd5 48. h4 f5 49. Kf4 Re6 50. Rc1 d3 51. Rc5+ Kd4 52. Rc8 Re4+ 53.
Kg3 d2 54. h5 g5 55. Rc6 Ke3 56. Rc3+ Ke2 57. Rc2 f4+ 58. Kg4 f3+ 59. Kf5 Rf4+
60. Kg6 f2 61. Kxh6 f1=Q 62. Kg7 Rf7+ 63. Kg8 Rf8+ 64. Kg7 Qf6+ 65. Kh7 Rh8#
0-1

[Event "CYCC U10"]
[Site "Quebec CAN"]
[Date "2018.07.05"]
[Round "7.115"]
[White "Qiu, James"]
[Black "Chen, Andrew"]
[Result "1/2-1/2"]
[WhiteElo "1136"]
[BlackElo "1367"]
[PlyCount "64"]
[EventDate "2018.07.02"]
[EventType "swiss"]
[EventRounds "7"]
[EventCountry "CAN"]

1. e4 c5 2. c3 Nf6 3. e5 Nd5 4. d4 d6 5. f4 f6 6. Nf3 Nc6 7. c4 Nb6 8. d5 Nb8
9. e6 g6 10. Bd2 Bg7 11. Bc3 O-O 12. Nbd2 Na4 13. Qxa4 Na6 14. a3 Nc7 15. Be2
a6 16. Qb3 Rb8 17. a4 Qe8 18. Qb6 Nxe6 19. dxe6 Bxe6 20. Qb3 b5 21. axb5 axb5
22. Nf1 bxc4 23. Qa4 Qf7 24. Ng3 Bd5 25. O-O h6 26. Rad1 Ra8 27. Qc2 Bc6 28.
Be1 Ba4 29. Qxc4 Bxd1 30. Qxf7+ Kxf7 31. Bxd1 f5 32. Bb3+ Ke8 1/2-1/2

[Event "CYCC U10"]
[Site "Quebec CAN"]
[Date "2018.07.05"]
[Round "7.116"]
[White "Darvekar, Yash"]
[Black "Bourdon Gosselin, Jules"]
[Result "1-0"]
[WhiteElo "1457"]
[BlackElo "1124"]
[PlyCount "67"]
[EventDate "2018.07.02"]
[EventType "swiss"]
[EventRounds "7"]
[EventCountry "CAN"]

1. e4 e5 2. Nf3 Nc6 3. Bb5 a6 4. Bxc6 dxc6 5. O-O Bd6 6. d4 Qe7 7. dxe5 Bxe5 8.
Bg5 Nf6 9. Nxe5 Qxe5 10. Bxf6 Qxf6 11. e5 Qg6 12. Qd3 Bf5 13. Qc3 Bxc2 14. Nd2
O-O 15. Rac1 Bf5 16. Nf3 Bh3 17. Nh4 Qg4 18. Qxh3 Qd4 19. b3 Qxe5 20. Nf3 Qa5
21. a4 Qb6 22. Ne5 Rad8 23. Nd7 Qa7 24. Nxf8 Rxf8 25. Rfe1 b5 26. Rxc6 Qb7 27.
axb5 Qxb5 28. Rxc7 Qa5 29. Rce7 g6 30. Qh6 Qc3 31. Re8 Qg7 32. Rxf8+ Kxf8 33.
Re8+ Kxe8 34. Qxg7 1-0

[Event "CYCC U10"]
[Site "Quebec CAN"]
[Date "2018.07.05"]
[Round "7.118"]
[White "Wang, Daniel"]
[Black "Fan, Haoran"]
[Result "1-0"]
[WhiteElo "1127"]
[BlackElo "880"]
[PlyCount "103"]
[EventDate "2018.07.02"]
[EventType "swiss"]
[EventRounds "7"]
[EventCountry "CAN"]

1. e4 e5 2. Nf3 Nc6 3. Bc4 Bc5 4. d3 h6 5. c3 Nf6 6. O-O d6 7. h3 Be6 8. Bb3
Qd7 9. Bc2 Ne7 10. d4 Bc4 11. dxc5 Bxf1 12. Kxf1 Qb5+ 13. Qd3 Qxc5 14. Be3 Qc6
15. Nbd2 Qd7 16. Rd1 O-O 17. Nc4 Qc8 18. a4 Rd8 19. Qe2 Re8 20. Ncd2 Nc6 21.
Bb3 Qd7 22. Nh4 Ne7 23. Qc4 Rf8 24. Nhf3 Ng6 25. Qe2 Qc6 26. Qc4 Qxc4+ 27. Bxc4
Rfe8 28. Bd3 c6 29. c4 c5 30. Rb1 a5 31. Rd1 b6 32. Nb1 Nf4 33. Bxf4 exf4 34.
Nc3 Rad8 35. Re1 g5 36. g4 fxg3 37. fxg3 g4 38. hxg4 Nxg4 39. Nd5 Rb8 40. Kg2
Kg7 41. Nh4 Ne5 42. Nf5+ Kg6 43. Bf1 Red8 44. b3 h5 45. Be2 f6 46. Rh1 Rh8 47.
Nde7+ Kg5 48. Rh4 Nf7 49. g4 Kf4 50. gxh5+ Kg5 51. Rg4+ Kxh5 52. Rg8# 1-0

[Event "CYCC U10"]
[Site "Quebec CAN"]
[Date "2018.07.05"]
[Round "7.119"]
[White "Locham, Divjot"]
[Black "Beliveau, Mathieu"]
[Result "1/2-1/2"]
[WhiteElo "1373"]
[BlackElo "1109"]
[PlyCount "57"]
[EventDate "2018.07.02"]
[EventType "swiss"]
[EventRounds "7"]
[EventCountry "CAN"]

1. e4 g6 2. d4 Bg7 3. Nf3 d6 4. Nc3 Nf6 5. Be3 O-O 6. Qd2 Nbd7 7. O-O-O b6 8.
Kb1 Bb7 9. Bd3 e5 10. Rdg1 exd4 11. Nxd4 Nc5 12. f3 Nxd3 13. Qxd3 c5 14. Nde2
d5 15. exd5 Nxd5 16. Nxd5 Bxd5 17. Nc3 Be6 18. Rd1 Qxd3 19. Rxd3 c4 20. Rd2
Bxc3 21. bxc3 f5 22. Re1 Bf7 23. Rde2 Rfe8 24. Bd4 Rxe2 25. Rxe2 Re8 26. Rxe8+
Bxe8 27. Kc1 Kf7 28. Kd2 f4 29. g3 1/2-1/2

[Event "CYCC U10"]
[Site "Quebec CAN"]
[Date "2018.07.05"]
[Round "7.120"]
[White "Lin, Brenton"]
[Black "Lin, Leo"]
[Result "0-1"]
[WhiteElo "822"]
[BlackElo "1463"]
[PlyCount "60"]
[EventDate "2018.07.02"]
[EventType "swiss"]
[EventRounds "7"]
[EventCountry "CAN"]

1. h3 d5 2. d4 Bf5 3. Nc3 e6 4. a3 c5 5. Bf4 Nc6 6. e3 a6 7. Nf3 Nf6 8. Be2 Be7
9. O-O O-O 10. Qd2 Ne4 11. Qe1 Rc8 12. Rc1 f6 13. Na2 Bd6 14. Bxd6 Qxd6 15. c4
cxd4 16. Nxd4 Nxd4 17. exd4 dxc4 18. Rxc4 Rxc4 19. Bxc4 Qxd4 20. Qb4 Qd2 21.
Qb3 Qd6 22. Rd1 Qc6 23. g4 Nc5 24. Qe3 Bg6 25. Re1 Bf7 26. Nc3 b5 27. Ba2 Re8
28. b4 Nd7 29. Ne2 Ne5 30. f4 Nf3+ 0-1

[Event "CYCC U10"]
[Site "Quebec CAN"]
[Date "2018.07.05"]
[Round "7.121"]
[White "Ran, Sean"]
[Black "Lin, Joey"]
[Result "1-0"]
[WhiteElo "1104"]
[BlackElo "800"]
[PlyCount "104"]
[EventDate "2018.07.02"]
[EventType "swiss"]
[EventRounds "7"]
[EventCountry "CAN"]

1. e4 c5 2. Nc3 Nc6 3. f4 e6 4. Nf3 Nge7 5. Bb5 a6 6. Bxc6 Nxc6 7. d4 cxd4 8.
Nxd4 Nxd4 9. Qxd4 Qh4+ 10. g3 Qh3 11. Be3 Qg2 12. O-O-O f6 13. Na4 d6 14. e5
dxe5 15. Qd8+ Kf7 16. Nb6 Qf3 17. Qc7+ Kg8 18. Bd2 Qc6 19. Qxc6 bxc6 20. Nxa8
Bb7 21. Nc7 Kf7 22. fxe5 fxe5 23. Bc3 c5 24. Rhf1+ Kg6 25. Nxe6 Be7 26. Rd7
Bg5+ 27. Nxg5 Bc8 28. Rc7 Kxg5 29. Rxg7+ Kh6 30. Bxe5 Re8 31. Re1 Rxe5 32.
Rxh7+ Kxh7 33. Rxe5 c4 34. Rc5 Be6 35. Rc6 Bf7 36. Rxa6 Kg7 37. b3 cxb3 38.
cxb3 Be8 39. Ra8 Bf7 40. Ra7 Kg6 41. Rxf7 Kxf7 42. h4 Ke6 43. h5 Kf7 44. a4 Ke6
45. a5 Ke7 46. a6 Kf6 47. a7 Kg5 48. a8=Q Kxh5 49. Qg8 Kh6 50. Kd2 Kh5 51. Ke3
Kh6 52. Kf4 Kh5 1-0

[Event "CYCC U10"]
[Site "Quebec CAN"]
[Date "2018.07.05"]
[Round "7.122"]
[White "Huang, Winston"]
[Black "Zhu, Ricky"]
[Result "1/2-1/2"]
[WhiteElo "718"]
[BlackElo "990"]
[PlyCount "59"]
[EventDate "2018.07.02"]
[EventType "swiss"]
[EventRounds "7"]
[EventCountry "CAN"]

1. e4 e5 2. Nf3 Nc6 3. Bc4 Bc5 4. Nc3 d6 5. d3 Nf6 6. h3 h6 7. Be3 Bxe3 8. fxe3
O-O 9. O-O Nh7 10. Qe1 Na5 11. Bd5 c6 12. Bb3 Nxb3 13. axb3 a6 14. d4 Qe7 15.
Qe2 Ng5 16. Nxg5 Qxg5 17. Kh1 f5 18. Rf2 Bd7 19. Raf1 b5 20. b4 fxe4 21. Rxf8+
Rxf8 22. Rxf8+ Kxf8 23. Qf1+ Qf5 24. Qxf5+ Bxf5 25. g4 Bh7 26. Kg2 exd4 27.
exd4 d5 28. Kf2 Ke7 29. Ke3 g5 30. Ne2 1/2-1/2

[Event "CYCC U10"]
[Site "Quebec CAN"]
[Date "2018.07.05"]
[Round "7.123"]
[White "Mak, Logan Jason"]
[Black "Mellon-Ruel, Olivier"]
[Result "1-0"]
[WhiteElo "652"]
[BlackElo "936"]
[PlyCount "55"]
[EventDate "2018.07.02"]
[EventType "swiss"]
[EventRounds "7"]
[EventCountry "CAN"]

1. f4 d5 2. Nf3 g6 3. e3 Nf6 4. Nc3 Bg7 5. Be2 O-O 6. O-O Nc6 7. b3 d4 8. exd4
Nxd4 9. Bb2 Nd5 10. Nxd4 Bxd4+ 11. Kh1 e5 12. fxe5 Bxe5 13. Bf3 Qh4 14. g3 Qh3
15. Bg2 Qe6 16. Bxd5 Qd7 17. Bg2 Rb8 18. Ba3 Re8 19. Rb1 b5 20. Bb2 Bb7 21.
Bxb7 Rxb7 22. Ne4 Bxb2 23. Rxb2 Rxe4 24. Qf3 f5 25. d3 Qd4 26. Rbb1 Rb6 27.
dxe4 fxe4 28. Qf8# 1-0

[Event "CYCC U10"]
[Site "Quebec CAN"]
[Date "2018.07.05"]
[Round "7.124"]
[White "Gao, Joshua"]
[Black "Morrison, Daniel"]
[Result "0-1"]
[WhiteElo "882"]
[BlackElo "463"]
[PlyCount "84"]
[EventDate "2018.07.02"]
[EventType "swiss"]
[EventRounds "7"]
[EventCountry "CAN"]

1. e4 e6 2. Nf3 d5 3. exd5 exd5 4. d4 Be7 5. Nc3 Nf6 6. h3 Be6 7. Bb5+ c6 8.
Ba4 b5 9. Bb3 a5 10. a4 b4 11. Ne2 O-O 12. O-O Nbd7 13. Nh2 Qc7 14. Bf4 Bd6 15.
Qc1 Bxf4 16. Nxf4 Qa7 17. Ne2 Rfe8 18. Qg5 h6 19. Qg3 Bxh3 20. gxh3 Rxe2 21.
Kh1 Qxd4 22. Rg1 Ne8 23. Raf1 Qxb2 24. h4 Qe5 25. f4 Qe4+ 26. Nf3 Qh7 27. Nd4
Qe4+ 28. Nf3 Ndf6 29. Ba2 Nh5 30. Qg4 Nef6 31. Qh3 Nxf4 32. Qg3 N6h5 33. Qg4 f5
34. Bxd5+ cxd5 35. Qxg7+ Nxg7 36. Rxg7+ Kxg7 37. Rg1+ Kf6 38. Rg6+ Kxg6 39. h5+
Kxh5 40. Kg1 Qxf3 41. c4 Qf2+ 42. Kh1 Qg2# 0-1

[Event "CYCC U12"]
[Site "Quebec CAN"]
[Date "2018.07.02"]
[Round "1.60"]
[White "Issani, Nameer"]
[Black "Wang, Daniel"]
[Result "1-0"]
[WhiteElo "2207"]
[BlackElo "1271"]
[PlyCount "59"]
[EventDate "2018.07.02"]
[EventType "swiss"]
[EventRounds "7"]
[EventCountry "CAN"]

1. d4 d5 2. c4 e6 3. Nc3 Nf6 4. cxd5 exd5 5. Bg5 c6 6. e3 Bf5 7. Bd3 Bxd3 8.
Qxd3 Nbd7 9. Nge2 Bd6 10. f3 Nb6 11. e4 Be7 12. Bxf6 Bxf6 13. e5 Be7 14. O-O
O-O 15. f4 Rc8 16. f5 f6 17. Nf4 Qd7 18. Ne6 Rfe8 19. Qg3 Bd8 20. Rae1 Na8 21.
Ne2 Nc7 22. N2f4 Re7 23. exf6 Rf7 24. Nxd8 Rxd8 25. Ne6 Re8 26. Nxc7 Rxe1 27.
Rxe1 Qxc7 28. Re8+ Rf8 29. Qxc7 Rxe8 30. Qxg7# 1-0

[Event "CYCC U12"]
[Site "Quebec CAN"]
[Date "2018.07.02"]
[Round "1.82"]
[White "Zhang, Henry X"]
[Black "Eirew, David"]
[Result "1-0"]
[WhiteElo "1551"]
[BlackElo "708"]
[PlyCount "75"]
[EventDate "2018.07.02"]
[EventType "swiss"]
[EventRounds "7"]
[EventCountry "CAN"]

1. e4 e6 2. d4 d5 3. Nc3 c5 4. Be3 Nd7 5. Be2 a6 6. exd5 exd5 7. Nxd5 cxd4 8.
Bxd4 Ngf6 9. Nc3 Be7 10. Nf3 O-O 11. O-O b6 12. Bc4 Bb7 13. Re1 Bb4 14. a3 Bc5
15. Bxc5 Nxc5 16. Ne5 Qc7 17. Qd2 Nfe4 18. Nxe4 Nxe4 19. Qf4 b5 20. Bb3 Rae8
21. Nd3 Qxf4 22. Nxf4 Rd8 23. Rad1 Rxd1 24. Rxd1 h6 25. Ng6 Rc8 26. Ne7+ Kf8
27. Nxc8 Bxc8 28. Rd8+ Ke7 29. Rxc8 Kd7 30. Ra8 Nc5 31. Ra7+ Ke8 32. Bxf7+ Kd8
33. b4 Nd7 34. Rxa6 Ke7 35. Ra7 Kxf7 36. Rxd7+ Ke6 37. Rb7 Kd5 38. Rxb5+ 1-0

[Event "CYCC U12"]
[Site "Quebec CAN"]
[Date "2018.07.02"]
[Round "2.84"]
[White "Eirew, David"]
[Black "Jiang, David"]
[Result "0-1"]
[WhiteElo "708"]
[BlackElo "1029"]
[PlyCount "72"]
[EventDate "2018.07.02"]
[EventType "swiss"]
[EventRounds "7"]
[EventCountry "CAN"]

1. e4 c5 2. Nc3 Nc6 3. Bc4 Nf6 4. d3 d6 5. Nge2 g6 6. Bg5 Bg7 7. Qd2 O-O 8.
O-O-O Na5 9. Bh6 Nxc4 10. dxc4 a6 11. h4 Ng4 12. Be3 Nxe3 13. Qxe3 Be6 14. Qd3
Qd7 15. f4 Rab8 16. e5 b5 17. exd6 Bxc4 18. Qd2 b4 19. Ne4 Qa4 20. Qe3 Qxa2 21.
Kd2 Qxb2 22. Ke1 Qxc2 23. N4g3 Bxe2 24. Nxe2 exd6 25. h5 Rbe8 26. Qf3 Bc3+ 27.
Kf2 Bd4+ 28. Kg3 Qxe2 29. Qxe2 Rxe2 30. hxg6 fxg6 31. Rh2 Rfe8 32. Rdh1 R8e3+
33. Kg4 h5+ 34. Kg5 Rg3+ 35. Kh4 Rg4+ 36. Kh3 Re3+ 0-1

[Event "CYCC U12"]
[Site "Quebec CAN"]
[Date "2018.07.03"]
[Round "3.60"]
[White "Issani, Nameer"]
[Black "Zhao, Jeffrey R"]
[Result "1/2-1/2"]
[WhiteElo "2207"]
[BlackElo "1833"]
[PlyCount "69"]
[EventDate "2018.07.02"]
[EventType "swiss"]
[EventRounds "7"]
[EventCountry "CAN"]

1. d4 Nf6 2. c4 g6 3. Nc3 Bg7 4. e4 d6 5. Nf3 O-O 6. Be2 e5 7. dxe5 dxe5 8.
Qxd8 Rxd8 9. Bg5 c6 10. Nxe5 Re8 11. O-O-O Na6 12. f4 h6 13. Bh4 g5 14. Bg3 Nc5
15. Rhe1 gxf4 16. Bxf4 Nfxe4 17. Nxe4 Nxe4 18. Nxf7 Bf5 19. Nd6 Nxd6 20. Bxd6
h5 21. Bb4 Re4 22. Bf1 Rxe1 23. Rxe1 Rd8 24. Re2 Bd3 25. Rf2 Bh6+ 26. Bd2 Bxf1
27. Bxh6 Bxc4 28. b3 Bf7 29. Bf4 Rd5 30. Kb2 Kg7 31. Bd2 Kg6 32. Bc3 Rf5 33.
Re2 Bd5 34. g3 Kg5 35. Re5 1/2-1/2

[Event "CYCC U12"]
[Site "Quebec CAN"]
[Date "2018.07.03"]
[Round "3.61"]
[White "Noor Ali, Aahil"]
[Black "Windram, James"]
[Result "1/2-1/2"]
[WhiteElo "2062"]
[BlackElo "1803"]
[PlyCount "59"]
[EventDate "2018.07.02"]
[EventType "swiss"]
[EventRounds "7"]
[EventCountry "CAN"]

1. d4 Nf6 2. c4 c5 3. d5 e6 4. Nc3 exd5 5. cxd5 d6 6. e4 g6 7. Bd3 Bg7 8. Bf4
Nh5 9. Bg3 a6 10. Nge2 b5 11. a3 Qe7 12. b4 c4 13. Bc2 f5 14. f3 fxe4 15. Bxe4
Bf5 16. O-O Nxg3 17. hxg3 O-O 18. a4 Nd7 19. Qd2 Bxe4 20. fxe4 Rxf1+ 21. Rxf1
bxa4 22. Qe3 Rb8 23. Rb1 Nb6 24. Ra1 Qe8 25. Ra2 Be5 26. Nd4 Bxd4 27. Qxd4 Qd7
28. Kh2 Qg7 29. Qe3 Qe5 30. Kg1 1/2-1/2

[Event "CYCC U12"]
[Site "Quebec CAN"]
[Date "2018.07.03"]
[Round "3.62"]
[White "Guipi Bopala, Prince Eric jr"]
[Black "Chen, Max"]
[Result "0-1"]
[WhiteElo "1829"]
[BlackElo "2028"]
[PlyCount "76"]
[EventDate "2018.07.02"]
[EventType "swiss"]
[EventRounds "7"]
[EventCountry "CAN"]

1. d4 Nf6 2. Nf3 g6 3. Bg5 Bg7 4. Nbd2 d5 5. e3 O-O 6. Bd3 c5 7. c3 b6 8. O-O
Bb7 9. b4 Ne4 10. Rc1 Nxg5 11. Nxg5 e5 12. Nh3 cxb4 13. cxb4 exd4 14. exd4 Nc6
15. Nb3 Nxb4 16. Bb1 Qd6 17. Qd2 a5 18. Na1 Ba6 19. Rfe1 Bc4 20. Kh1 Qf6 21.
Rcd1 Rfe8 22. Ng1 Rxe1 23. Qxe1 Bxa2 24. Bxa2 Nxa2 25. Nf3 Rc8 26. Qd2 Nb4 27.
Rc1 Rxc1+ 28. Qxc1 Qc6 29. Qxc6 Nxc6 30. Nc2 b5 31. Kg1 b4 32. Kf1 b3 33. Na3
Nxd4 34. Nd2 Bh6 35. Ndb1 Bf8 36. Kg1 a4 37. f3 Bxa3 38. Nxa3 Nc2 0-1

[Event "CYCC U12"]
[Site "Quebec CAN"]
[Date "2018.07.03"]
[Round "3.63"]
[White "Zheng, Richard"]
[Black "Joseph Benher, Savio"]
[Result "1-0"]
[WhiteElo "2011"]
[BlackElo "1746"]
[PlyCount "163"]
[EventDate "2018.07.02"]
[EventType "swiss"]
[EventRounds "7"]
[EventCountry "CAN"]

1. d4 Nf6 2. c4 e6 3. Nc3 Bb4 4. Qc2 b6 5. a3 Bxc3+ 6. Qxc3 Bb7 7. Nf3 Ne4 8.
Qc2 f5 9. e3 O-O 10. b3 d6 11. Bb2 Nd7 12. Bd3 Ndf6 13. O-O-O a6 14. Rhg1 Qe8
15. Qe2 b5 16. Nd2 Nxd2 17. Qxd2 bxc4 18. bxc4 Rb8 19. f3 Ba8 20. Kb1 Qa4 21.
Ka1 Rb6 22. Qc2 Rb3 23. Ka2 Rfb8 24. Rb1 Bc6 25. Qe2 Qa5 26. Bc2 R3b7 27. Qd3
Qb6 28. Bc3 Qa7 29. d5 Bd7 30. Bd4 Qa8 31. Bxf6 gxf6 32. g4 Rxb1 33. Bxb1 Kf7
34. dxe6+ Bxe6 35. gxf5 Bd7 36. e4 Qb7 37. Qc3 Ba4 38. Bc2 Bxc2 39. Qxc2 Qb6
40. Rb1 Qa7 41. Rxb8 Qxb8 42. Qf2 Qe8 43. Qd4 Kg7 44. Kb3 Qh5 45. Qf2 c5 46.
Qg3+ Kf7 47. Ka4 Ke7 48. Qg7+ Kd8 49. Qxf6+ Kc7 50. Qe7+ Kc6 51. e5 dxe5 52.
Qe6+ Kb7 53. Qxe5 Kc6 54. Qd5+ Kb6 55. Qd6+ Kb7 56. f6 Qe8+ 57. Ka5 Qe1+ 58.
Ka4 Qe8+ 59. Kb3 Qe3+ 60. Kb2 Qe2+ 61. Kb3 Qe3+ 62. Kc2 Qe2+ 63. Kc3 Qe3+ 64.
Qd3 Qe5+ 65. Kb3 Qxf6 66. Qxh7+ Kb8 67. Qe4 Qb6+ 68. Ka4 Qc7 69. h4 Qd7+ 70.
Ka5 Ka7 71. Qd5 Qe7 72. Ka4 Qe8+ 73. Kb3 Qe3+ 74. Kb2 Qe2+ 75. Kc3 Qe1+ 76. Kd3
Qd1+ 77. Ke4 Qe2+ 78. Kf4 Qh2+ 79. Kg5 Qf2 80. f4 Qd4 81. Qxd4 cxd4 82. Kg4 1-0

[Event "CYCC U12"]
[Site "Quebec CAN"]
[Date "2018.07.03"]
[Round "3.64"]
[White "Li, Kevin"]
[Black "Rusonik, Max"]
[Result "1-0"]
[WhiteElo "1741"]
[BlackElo "1999"]
[PlyCount "89"]
[EventDate "2018.07.02"]
[EventType "swiss"]
[EventRounds "7"]
[EventCountry "CAN"]

1. e4 e5 2. Nf3 Nc6 3. d4 exd4 4. Nxd4 Nf6 5. Nc3 Bb4 6. Nxc6 bxc6 7. Bd3 d6 8.
O-O Ng4 9. Bf4 Be6 10. Bg3 Qf6 11. Ne2 h5 12. h3 h4 13. Bf4 Ne5 14. Bxe5 Qxe5
15. f4 Qxb2 16. Kh1 Qf6 17. Qb1 Bc5 18. Qb7 O-O 19. Qxc6 Qd8 20. e5 Qd7 21. Qe4
g6 22. Qf3 dxe5 23. fxe5 Bd5 24. Be4 Bxe4 25. Qxe4 Be7 26. Nf4 Qf5 27. Qxf5
gxf5 28. Nd5 Rae8 29. Nxc7 Rd8 30. Rxf5 Kg7 31. Raf1 Kg6 32. c4 Bg5 33. Ne6
fxe6 34. Rxf8 Rd4 35. Rg8+ Kh5 36. c5 Rc4 37. Rc8 Bf4 38. Rxf4 Rxf4 39. c6 Rf7
40. c7 Rh7 41. a4 a5 42. Kg1 Kh6 43. Kf2 Rf7+ 44. Ke3 Kg7 45. Rg8+ 1-0

[Event "CYCC U12"]
[Site "Quebec CAN"]
[Date "2018.07.03"]
[Round "3.65"]
[White "Chen, Derek"]
[Black "Huang, Youhe"]
[Result "0-1"]
[WhiteElo "1286"]
[BlackElo "1949"]
[PlyCount "76"]
[EventDate "2018.07.02"]
[EventType "swiss"]
[EventRounds "7"]
[EventCountry "CAN"]

1. e4 c5 2. Nf3 d6 3. d4 cxd4 4. Nxd4 Nf6 5. Nc3 a6 6. Be3 e5 7. Nb3 Be6 8. Be2
Be7 9. Qd2 Nbd7 10. h3 b5 11. Bd3 Nc5 12. Nxc5 dxc5 13. f4 exf4 14. Bxf4 b4 15.
Nd1 c4 16. e5 Nh5 17. Be2 Qxd2+ 18. Bxd2 Bh4+ 19. Nf2 Ng3 20. Rg1 Rb8 21. Bf4
g5 22. Bxg3 Bxg3 23. Rf1 Rb5 24. O-O-O Rxe5 25. Bg4 f5 26. Bh5+ Ke7 27. Bf3 h5
28. Kb1 g4 29. hxg4 hxg4 30. Bc6 Rc5 31. Ba4 Rh2 32. Nh1 Be5 33. g3 b3 34. axb3
cxb3 35. c3 f4 36. gxf4 Bf5+ 37. Ka1 Ra5 38. fxe5 Rxa4# 0-1

[Event "CYCC U12"]
[Site "Quebec CAN"]
[Date "2018.07.03"]
[Round "3.66"]
[White "Gu, Chuyang"]
[Black "Zhang, Chu Hang"]
[Result "0-1"]
[WhiteElo "1911"]
[BlackElo "1557"]
[PlyCount "86"]
[EventDate "2018.07.02"]
[EventType "swiss"]
[EventRounds "7"]
[EventCountry "CAN"]

1. e4 e5 2. Nf3 Nc6 3. Bb5 d6 4. O-O Nf6 5. Re1 Be7 6. c3 O-O 7. h3 a6 8. Ba4
h6 9. d4 exd4 10. cxd4 b5 11. Bb3 Bb7 12. Nbd2 Nb4 13. Bc2 Nxc2 14. Qxc2 c5 15.
d5 Kh8 16. Nf1 Nh7 17. Ng3 Ng5 18. Nh2 Nh7 19. Nf5 Bc8 20. Nxe7 Qxe7 21. Bf4
Qf6 22. Bg3 Qg6 23. Qd2 Nf6 24. Qe2 Re8 25. Qf3 Nxe4 26. Qf4 Bb7 27. Rad1 Nxg3
28. Rxe8+ Rxe8 29. fxg3 Re2 30. Rd2 Rxd2 31. Qxd2 Qe4 32. Nf3 Qxd5 33. Qf4 Qd1+
34. Kh2 Bxf3 35. gxf3 Qc2+ 36. Kh1 Qb1+ 37. Kh2 Qxb2+ 38. Kh1 Qa1+ 39. Kg2
Qxa2+ 40. Kh1 Qe6 41. g4 Kh7 42. h4 g6 43. Kg2 d5 0-1